• 首页
  • 本馆介绍
  • 公告通知
  • 最新文献
  • 馆藏检索
  • 电子资源
  • 读者导购
  • 参考咨询
  • 我的图书馆
  • 登录
  • 详细信息显示
  • 放入我的书架
  • 预约/预借图书
  • 作者相关作品
  • 分类相关作品
  • 丛书相关作品
  • 出版社相关作品

书目信息

  • 表格格式
  • 工作单格式
  • 卡片格式
题名:
化书 无能子
    
 
作者: 李似珍 , 金玉博 译注
分册:  
出版信息: 北京   中华书局  2020
页数: 277页
开本: 21cm
丛书名: 中华经典名著全本全注全译丛书
单 册:
中图分类: B241.8 , B241.9
科图分类:
主题词: 古典哲学--gu dian zhe xue--中国--五代十国时期 , 古典哲学--gu dian zhe xue--中国--唐代
电子资源:
ISBN: 978-7-101-14284-6
000 01676oam2 2200337 450
001 2131046031
005 20211029202829.0
010    @a978-7-101-14284-6@b精装@dCNY28.00
100    @a20201110d2020 em y0chiy0120 ea
101 0  @achi
102    @aCN@b110000
105    @ay z 000yy
106    @ar
200 1  @a化书 无能子@Ahua shu wu neng zi@f李似珍,金玉博译注
210    @a北京@c中华书局@d2020
215    @a277页@d21cm
225 2  @a中华经典名著全本全注全译丛书@Azhong hua jing dian ming zhu quan ben quan zhu quan yi cong shu
330    @a《化书》和《无能子》是中国道教思想史上有着独特地位的两部哲学著作。《化书》唐末五代谭峭撰。共六卷,分道、术、德、仁、食、俭六化,一百一十篇。书中又用大量篇幅论述了社会演化,揭示动乱的原因,提出对策。全书在内容上,基本发挥了老庄学说,并把一切皆化的自然观和小农平均主义理想的社会观作为主轴进行论述,又兼有一些凹凸镜方面的知识,涉及面很广泛。在思想上,本书中具有同情人民的社会观与历史观;既有对传统道教思想的禀承,又有对其的阐发,在中国思想史上占有重要的地位。《无能子》全书分上、中、下三卷,近万言,现有三十四篇。指责君主专制制度违反自然,提倡道教的服气和坐忘修炼法,并宣扬儒家的宿命论、仁义道德和近似佛教禅宗思想的“无心”。
461  0 @12001 @a中华经典名著全本全注全译丛书
605    @a化书@Ahua shu@x译文
605    @a化书@Ahua shu@x注释
605    @a无能子@Awu neng zi@x译文
605    @a无能子@Awu neng zi@x注释
606 0  @a古典哲学@Agu dian zhe xue@y中国@z五代十国时期
606 0  @a古典哲学@Agu dian zhe xue@y中国@z唐代
690    @aB241.8@v5
690    @aB241.9@v5
701  0 @a李似珍@Ali shi zhen@4译注
701  0 @a金玉博@Ajin yu bo@4译注
801  0 @aCN@b百万庄@c20211029
905    @b1313151-54@dB241.8@e8@f4
    
    化书 无能子/李似珍,金玉博译注.-北京:中华书局,2020
    277页;21cm.-(中华经典名著全本全注全译丛书)
    
    
    ISBN 978-7-101-14284-6(精装):CNY28.00
    《化书》和《无能子》是中国道教思想史上有着独特地位的两部哲学著作。《化书》唐末五代谭峭撰。共六卷,分道、术、德、仁、食、俭六化,一百一十篇。书中又用大量篇幅论述了社会演化,揭示动乱的原因,提出对策。全书在内容上,基本发挥了老庄学说,并把一切皆化的自然观和小农平均主义理想的社会观作为主轴进行论述,又兼有一些凹凸镜方面的知识,涉及面很广泛。在思想上,本书中具有同情人民的社会观与历史观;既有对传统道教思想的禀承,又有对其的阐发,在中国思想史上占有重要的地位。《无能子》全书分上、中、下三卷,近万言,现有三十四篇。指责君主专制制度违反自然,提倡道教的服气和坐忘修炼法,并宣扬儒家的宿命论、仁义道德和近似佛教禅宗思想的“无心”。
●
相关链接 在E读中查询图书 在五车中查询图书 在当当中查询图书 在豆瓣中查询图书


正题名:化书 无能子     索取号:B241.8/8         预约/预借

序号 登录号 条形码 馆藏地/架位号 状态 备注
1 1313151   213131519   第一样本阅览室/ [索取号:B241.8/8] 在馆    
2 1313152   213131528   第一借阅区/ [索取号:B241.8/8] 在馆    
3 1313153   213131537   第一借阅区/ [索取号:B241.8/8] 在馆    
4 1313154   213131546   第一借阅区/ [索取号:B241.8/8] 在馆    
唐山师范学院图书馆 欢迎您!
大连网信软件有限公司© 版权所有